Professional practices handbook (Record no. 105896)

MARC details
000 -LEADER
fixed length control field 01040cam a2200277 4500
001 - CONTROL NUMBER
control field ##L135059
008 - FIXED-LENGTH DATA ELEMENTS--GENERAL INFORMATION
fixed length control field 060921n2006 000 0 eng u
020 ## - INTERNATIONAL STANDARD BOOK NUMBER
International Standard Book Number 1845922646
035 ## - SYSTEM CONTROL NUMBER
System control number (Sirsi) u135059
041 0# - LANGUAGE CODE
Language code of text/sound track or separate title eng
050 04 - LIBRARY OF CONGRESS CALL NUMBER
Classification number 346.41068 $2 18
110 2# - MAIN ENTRY--CORPORATE NAME
Corporate name or jurisdiction name as entry element Smith and Williamson
9 (RLIN) 579
245 00 - TITLE STATEMENT
Title Professional practices handbook
250 ## - EDITION STATEMENT
Edition statement 5th ed.
260 ## - PUBLICATION, DISTRIBUTION, ETC.
Place of publication, distribution, etc. Haywards Heath
Name of publisher, distributor, etc. Tottel Publishing
Date of publication, distribution, etc. 2006
300 ## - PHYSICAL DESCRIPTION
Extent xxvi, 616p.
Dimensions 24cm.
350 ## - PRICE (NR) (BK AM CF MU VM SE) [OBSOLETE]
Price 68
520 ## - SUMMARY, ETC.
Summary, etc. Offers guidance to those establishing or joining a professional practice. Issues covered include standard partnership agreements, liabilities, limited liability partnerships, profit shares, marketing, accounting, insurance, taxation and retirement planning.
520 ## - SUMMARY, ETC.
Summary, etc. Previously called Tolley's professional partnership handbook
520 ## - SUMMARY, ETC.
Summary, etc. Supersedes fourth edition (ISBN 0754512002)
590 ## - LOCAL NOTE (RLIN)
Local note IKA031006
651 #4 - SUBJECT ADDED ENTRY--GEOGRAPHIC NAME
Geographic name United Kingdom
Chronological subdivision
690 ## - LOCAL SUBJECT ADDED ENTRY--TOPICAL TERM (OCLC, RLIN)
Topical term or geographic name as entry element MANAGEMENT-BUSINESS MANAGEMENT
710 2# - ADDED ENTRY--CORPORATE NAME
Corporate name or jurisdiction name as entry element Allen and Overy
9 (RLIN) 1481
942 ## - ADDED ENTRY ELEMENTS (KOHA)
Suppress in OPAC 0
Holdings
Withdrawn status Lost status Source of classification or shelving scheme Damaged status Not for loan Home library Current library Shelving location Date acquired Total Checkouts Full call number Barcode Date last seen Date last checked out Copy number Price effective from Koha item type
    Dewey Decimal Classification     London London Books 22/09/2006 6 346.41068 SMI 30073295 06/08/2019 06/07/2009 1 06/08/2019 Book